Vista normal
Vista MARC
- Ordenadores y personas con discapacidad
Entrada Materia
Número de registros utilizados en: 3
001 - NÚMERO DE CONTROL
- campo de control: 183
003 - IDENTIFICADOR DEL NÚMERO DE CONTROL
- campo de control: ES-MaFIAP
005 - FECHA Y HORA DE LA ÚLTIMA TRANSACCIÓN
- campo de control: 20220916124301.0
008 - DATOS DE LONGITUD FIJA
- campo de control de longitud fija: 220916|| aca||aabn | a|a d
040 ## - FUENTE DE LA CATALOGACIÓN
- Centro catalogador/agencia de origen: ES-MaFIAP
- Centro/agencia transcriptor: ES-MaFIAP
150 ## - ENCABEZAMIENTO--TÉRMINO DE MATERIA
- Término de materia o nombre geográfico como elemento de entrada: Ordenadores y personas con discapacidad
670 ## - FUENTE DE DATOS ENCONTRADOS
- Cita de la fuente: Work cat.: (ES-MaFIAP)61: Las nuevas fronteras de la accesibilidad a las tecnologías de la información y la comunicación [Texto impreso] :, 2012





